[Event "Titled Tuesday intern op 18th Jul Early"]
[Site "Chess.com INT"]
[Date "2023.07.18"]
[Round "11"]
[White "Sathish, Pranav"]
[Black "Zaragatski, Ilja"]
[Result "0-1"]
[WhiteElo "2448"]
[BlackElo "2456"]
[PlyCount "94"]
[EventDate "2023.07.18"]
[EventType "swiss (blitz)"]
[EventRounds "11"]
[EventCountry "USA"]
[SourceTitle "EXT 2024"]
[Source "ChessBase"]
[SourceDate "2023.10.10"]
[SourceVersion "1"]
[SourceVersionDate "2023.10.10"]
[SourceQuality "1"]

1. Nf3 Nf6 2. b3 c5 3. Bb2 e6 4. c4 Be7 5. e3 0-0 6. Be2 b6 7. 0-0 Bb7 8. Nc3 d6 9. d4 Nbd7 10. Rc1 a6 11. a4 Ne4 12. Nxe4 Bxe4 13. Bd3 Nf6 14. Bxe4 Nxe4 15. d5 Qd7 16. Qd3 exd5 17. Qxd5 Qe6 18. Rfd1 Rad8 19. Qb7 f5 20. Qxa6 g5 21. Qb7 g4 22. Ne1 f4 23. Qd5 Qxd5 24. Rxd5 fxe3 25. fxe3 Bg5 26. Nc2 Rf7 27. Rf1 Rdf8 28. Rxf7 Rxf7 29. Bc3 Kf8 30. Be1 Ke7 31. Rd3 h5 32. h4 Bf6 33. g3 Be5 34. b4 Rf3 35. a5 bxa5 36. bxa5 Bxg3 37. Bxg3 Rxg3+ 38. Kh2 Rh3+ 39. Kg2 Rg3+ 40. Kh2 Rf3 41. Kg1 Rf2 42. a6 Rxc2 43. Ra3 Rc1+ 44. Kg2 Rc2+ 45. Kg1 Nd2 46. a7 Nf3+ 47. Kf1 g3 0-1

[Event "Titled Tuesday intern op 18th Jul Early"]
[Site "Chess.com INT"]
[Date "2023.07.18"]
[Round "6"]
[White "Shukhman, Anna"]
[Black "Sathish, Pranav"]
[Result "1/2-1/2"]
[WhiteElo "2154"]
[BlackElo "2448"]
[PlyCount "111"]
[EventDate "2023.07.18"]
[EventType "swiss (blitz)"]
[EventRounds "11"]
[EventCountry "USA"]
[SourceTitle "EXT 2024"]
[Source "ChessBase"]
[SourceDate "2023.10.10"]
[SourceVersion "1"]
[SourceVersionDate "2023.10.10"]
[SourceQuality "1"]

1. e4 c5 2. Nf3 Nc6 3. Bb5 g6 4. 0-0 Bg7 5. c3 Nf6 6. Re1 0-0 7. h3 a6 8. Bxc6 dxc6 9. d4 cxd4 10. cxd4 c5 11. d5 e6 12. Nc3 exd5 13. e5 Ne8 14. Bg5 f6 15. exf6 Nxf6 16. Bxf6 Bxf6 17. Nxd5 Bxb2 18. Qb3 Bxa1 19. Nb6+ Rf7 20. Rxa1 c4 21. Qe3 Rb8 22. Ng5 Qf6 23. Rd1 Bf5 24. Nxf7 Qxf7 25. Qf4 Rf8 26. Nxc4 Be6 27. Qxf7+ Rxf7 28. Rd8+ Kg7 29. Nd6 Re7 30. a3 Kf6 31. f4 Rd7 32. Rxd7 Bxd7 33. Nxb7 Ke7 34. Nc5 Bb5 35. a4 Bc4 36. Kf2 Kd6 37. Ne4+ Kc6 38. Ke3 Bb3 39. a5 Kb5 40. Nf6 h5 41. g4 hxg4 42. hxg4 Kxa5 43. Kd2 Kb6 44. f5 gxf5 45. gxf5 Bf7 46. Nd7+ Kc7 47. Ne5 Be8 48. f6 Kd6 49. f7 Bxf7 50. Nxf7+ Ke7 51. Ng5 a5 52. Nf3 a4 53. Nd4 a3 54. Nc2 a2 55. Kc3 a1Q+ 56. Nxa1 1/2-1/2

[Event "Sunnyvale Independence Day op"]
[Site "Sunnyvale"]
[Date "2023.07.04"]
[Round "8"]
[White "Sathish, Pranav"]
[Black "Campos Jimenez, Augusto Cesar"]
[Result "1/2-1/2"]
[WhiteElo "2448"]
[BlackElo "2292"]
[PlyCount "54"]
[EventDate "2023.06.30"]
[EventType "swiss"]
[EventRounds "9"]
[EventCountry "USA"]
[SourceTitle "EXT 2024"]
[Source "ChessBase"]
[SourceDate "2023.10.10"]
[SourceVersion "1"]
[SourceVersionDate "2023.10.10"]
[SourceQuality "1"]

1. Nf3 g6 2. e4 c5 3. d4 cxd4 4. Qxd4 Nf6 5. Nc3 Nc6 6. Qa4 d6 7. e5 dxe5 8. Nxe5 Bd7 9. Nxd7 Qxd7 10. Be3 Bg7 11. Rd1 Qc8 12. Be2 0-0 13. 0-0 Qf5 14. h3 Rfc8 15. Bf3 Rab8 16. Nd5 b5 17. Qa6 Nxd5 18. Rxd5 Nb4 19. Rxf5 Nxa6 20. Rd5 Rxc2 21. Bxa7 Ra8 22. Rd7 Re8 23. Bb7 Nb8 24. Bxb8 Rxb8 25. Rxe7 Rxb2 26. Bd5 Rf8 27. Rd1 Bc3 1/2-1/2

[Event "Milpitas 1000 GM IM April"]
[Site "Milpitas"]
[Date "2023.04.09"]
[Round "9.3"]
[White "Sathish, Pranav"]
[Black "Bacus, Dharim"]
[Result "0-1"]
[WhiteElo "2021"]
[BlackElo "2158"]
[PlyCount "92"]
[EventDate "2023.03.31"]
[EventType "schev"]
[EventRounds "10"]
[EventCountry "USA"]
[SourceTitle "CBM 213 Extra"]
[Source "ChessBase"]
[SourceDate "2023.05.31"]
[SourceVersion "1"]
[SourceVersionDate "2023.05.31"]
[SourceQuality "1"]

1. Nf3 Nf6 2. b3 d5 3. Bb2 e6 4. c4 c5 5. cxd5 exd5 6. e3 Nc6 7. Bb5 Qb6 8. Nc3 a6 9. Bxc6+ Qxc6 10. d4 c4 11. bxc4 Qxc4 12. Ne5 Qb4 13. Qa4+ b5 14. Qxb4 Bxb4 15. Ke2 Bd6 16. Rhc1 0-0 17. Nb1 a5 18. Nd2 b4 19. a3 Ba6+ 20. Ke1 b3 21. a4 Ne4 22. Nxe4 dxe4 23. Ba3 Bxe5 24. dxe5 Rfb8 25. Rab1 Bd3 26. Rb2 Bc2 27. Bd6 Rc8 28. Kd2 Rc4 29. Ra1 f6 30. Ke1 Kf7 31. exf6 gxf6 32. f3 Rg8 33. Bg3 h5 34. Kf2 Rd8 35. Ke2 h4 36. Bf4 Bd3+ 37. Ke1 Rc2 38. Rab1 Rxb2 39. Rxb2 Bc2 40. fxe4 Rd1+ 41. Ke2 Ra1 42. Kd2 Rxa4 43. e5 Rc4 44. exf6 Rc6 45. Be5 a4 46. Bc3 a3 0-1